=LDR 00000nam 2200000 4500 =001 INLIS000000000039745 =005 20130612145344 =008 ***********************************ind** =035 ##$$0010-061300000039745 =041 ##$$a ind =082 ##$$a 920.02 =090 ##$$a 920.02, Dwi t.1 =100 ##$$a Ranti Dwijayanti =245 ##$$a 30 orang muda terkaya dunia =260 ##$$a 2011 $b jakarta =700 ##$$a Maloedyn Sitanggang =850 ##$$a NBPNMAT